Dried Flowers Techniques book
| Main Author: | |
|---|---|
| Format: | Book |
| Published: |
2001
|
| Subjects: |
MARC
| LEADER | 00000cam a2200000 7i4500 | ||
|---|---|---|---|
| 001 | 0000010391 | ||
| 005 | 20050427.0 | ||
| 020 | |a 1581802080 | ||
| 040 | |a INS | ||
| 090 | 0 | 0 | |a SB449.3.D7 |b B1871 2001 |
| 100 | 1 | |a Ballard, Anne | |
| 245 | 1 | 0 | |a Dried Flowers Techniques book |c Anne Ballard |
| 260 | |a 2001 | ||
| 650 | 0 | 0 | |a Dried flower arrangement |
| 650 | 0 | 0 | |a Flower |x Drying |
| 999 | |a 0000009551 |b BOOK |c Open Shelf |e Default branch | ||